LEADER 01431nam1 2200361 450 001 000018393 005 20060728104116.0 100 $a20050714d--------km-y0itaa50------ba 101 0 $aita$aeng 102 $aIT 200 1 $aAcolit$eautori cattolici e opere liturgiche = catholic authors and liturgical works$euna lista di autorità = an authority list$fdiretto da/edited by Mauro Guerrini 210 $aMilano$cEditrice Bibliografica 215 $av.$d25 cm. 463 \1$1001000018394$12001 $aBibbia, Chiesa cattolica, Curia romana, Stato pontificio, Vaticano, papi e antipapi 463 \1$1001000018395$12001 $aOrdini religiosi 463 \1$1001000018396$12001 $aOpere liturgiche 606 1 $aArchivi di autorità di nomi e titoli 676 $a025.3222$v(21. ed.)$9Analisi e controllo bibliografico. Archivi di autorità 702 1$aGuerrini,$bMauro 712 02$aAssociazione bibliotecari ecclesiastici italiani 801 0$aIT$bUniversità della Basilicata - B.I.A.$gRICA$2unimarc 912 $a000018393 996 $aAcolit$984235 997 $aUNIBAS BAS $aLETTERE CAT $aCORSO$b00$c20050714$lBAS01$h1119 CAT $aCORSO$b00$c20050714$lBAS01$h1154 CAT $aCORSO$b00$c20050714$lBAS01$h1157 CAT $aCORSO$b01$c20050714$lBAS01$h1544 CAT $aMDL$b30$c20050819$lBAS01$h1117 CAT $aMDL$b30$c20050825$lBAS01$h1114 CAT $aMDL$b00$c20060728$lBAS01$h1041 FMT LEADER 02450nam 2200601Ia 450 001 9910449666103321 005 20200520144314.0 010 $a1-280-50879-5 010 $a9786610508792 010 $a1-84544-295-4 035 $a(CKB)1000000000032677 035 $a(EBL)233891 035 $a(OCoLC)191038909 035 $a(SSID)ssj0000502934 035 $a(PQKBManifestationID)11340778 035 $a(PQKBTitleCode)TC0000502934 035 $a(PQKBWorkID)10451165 035 $a(PQKB)10156651 035 $a(MiAaPQ)EBC233891 035 $a(Au-PeEL)EBL233891 035 $a(CaPaEBR)ebr10085633 035 $a(CaONFJC)MIL50879 035 $a(OCoLC)936901068 035 $a(EXLCZ)991000000000032677 100 $a20000815d2005 uy 0 101 0 $aeng 135 $aur|n|---||||| 181 $ctxt 182 $cc 183 $acr 200 00$aBenchmarking an international journal$hVol. 12, No. 2$iBenchmarking in civil aviation$b[electronic resource] /$fGuest editors: Graham Francis and Ian Humphreys 210 $aBradford, England $cEmerald Group Publishing$dc2005 215 $a1 online resource (91 p.) 300 $aDescription based upon print version of record. 311 $a1-84544-134-6 327 $aCONTENTS; EDITORIAL ADVISORY BOARD; Guest editorial; Airport benchmarking: a review of the current situation; Aviation benchmarking; Benchmarking in civil aviation: some empirical evidence; Benchmarking to economic value added; Exploring the potential for environmental performance benchmarking in the airline sector; Environmental and operational sustainability of airports; Book review 330 $aDecember 2003 marked the 100th anniversary of the first heavier than air controlled, powered flight by the Wright Brothers. Since then the aviation business has changed beyond all recognition and in doing so has shrunk the globe and profoundly affected global business and the way we live. 606 $aQuality control 606 $aBenchmarking (Management) 608 $aElectronic books. 615 0$aQuality control. 615 0$aBenchmarking (Management) 676 $a658.5 676 $a658.562 701 $aFrancis$b Graham$0948146 701 $aHumphreys$b Ian$0970318 801 0$bMiAaPQ 801 1$bMiAaPQ 801 2$bMiAaPQ 906 $aBOOK 912 $a9910449666103321 996 $aBenchmarking an international journal$92205483 997 $aUNINA